000 00559nam a2200169 4500
999 _c16540
_d16540
008 220223b ||||| |||| 00| 0 eng d
022 _a0091-4169
082 _aDPer 364.05 J82 2011 v101 n.2
100 _aBerry, William W., III.
_944033
245 _aRepudiating death/
_cWilliam W. Berry, III.
260 _aEvanston:
_bNorthwestern University Press,
_cc2011.
300 _av101 n2, pages 441-492;
_c25 cm.
500 _aThe Journal of Criminal Law and Criminology.
650 _2Capital punishment.
650 _aCriminal law.
_944051
942 _2ddc
_cPER